[Event "2BLW 1819 DJK Aachen II - TSV Schott Ma"]
[Site "?"]
[Date "2018.11.25"]
[Round "3.7"]
[White "Bewersdorff, Oliver"]
[Black "Dardha, Daniel"]
[Result "0-1"]
[WhiteElo "2284"]
[BlackElo "2342"]
[PlyCount "114"]
[EventDate "2018.??.??"]

1. c4 Nf6 2. g3 c6 3. Nf3 g6 4. Bg2 Bg7 5. O-O O-O 6. b3 d5 7. Bb2 Bg4 8. d3
Nbd7 9. Nbd2 Bxf3 10. Nxf3 a5 11. a3 e6 12. Qc2 b5 13. Rfc1 Qb8 14. Nd4 Qb7 15.
cxb5 c5 16. Nf3 Qxb5 17. Rab1 Rfc8 18. e3 Ne8 19. Bf1 Qb7 20. Bxg7 Nxg7 21. Qd1
Nf5 22. e4 Ne7 23. exd5 Nxd5 24. Bg2 Qa6 25. d4 a4 26. Bf1 Qa7 27. bxa4 N7b6
28. Bb5 Nxa4 29. Bxa4 Qxa4 30. Qxa4 Rxa4 31. Rxc5 Rca8 32. Rb3 Rxa3 33. Rcb5
Rxb3 34. Rxb3 Ra1+ 35. Kg2 Ra2 36. Ne5 Ra7 37. h4 Kg7 38. Kf3 h6 39. Kg2 g5 40.
hxg5 hxg5 41. Kf3 Rc7 42. Kg2 Ne7 43. Rd3 f6 44. Ng4 Rd7 45. Ne3 Nc6 46. Nc2
Rd5 47. Kf3 Ne5+ 48. dxe5 Rxd3+ 49. Ke2 Rb3 50. exf6+ Kxf6 51. Ne3 Ke5 52. Kf3
Kd4 53. Kg4 Rb2 54. Kf3 e5 55. Nf5+ Kd3 56. g4 Rb4 57. Ne3 Rf4+ 0-1

[Event "2BLW 1819 DJK Aachen II - TSV Schott Ma"]
[Site "?"]
[Date "2018.11.25"]
[Round "3.8"]
[White "Dardha, Arben"]
[Black "Gohil, Harry"]
[Result "1-0"]
[WhiteElo "2272"]
[BlackElo "2237"]
[PlyCount "135"]
[EventDate "2018.??.??"]

1. d4 Nf6 2. c4 g6 3. g3 Bg7 4. Bg2 O-O 5. Nc3 d6 6. e3 Nc6 7. Nge2 Bd7 8. O-O
Rb8 9. d5 Na5 10. Qd3 c5 11. dxc6 bxc6 12. Rb1 c5 13. b3 Nc6 14. Bb2 Qc8 15.
Nf4 Ng4 16. Qe2 Bf5 17. Rbd1 Nge5 18. e4 Bg4 19. f3 Bd7 20. Kh1 Nd4 21. Qf2
Nec6 22. Nfe2 f5 23. exf5 Bxf5 24. Nxd4 Bxd4 25. Qd2 Bh3 26. Ne2 Bxg2+ 27. Kxg2
Bxb2 28. Qxb2 Ne5 29. Qd2 Qb7 30. Qd5+ Qxd5 31. Rxd5 Rf6 32. Nc3 Rbf8 33. f4
Nc6 34. Re1 h6 35. Rd2 R6f7 36. Re6 Nd4 37. Rxg6+ Kh7 38. Rg4 Rf6 39. Ne2 Ne6
40. Rh4 Kg6 41. Rd5 Kg7 42. Rd3 R8f7 43. Re3 Nf8 44. Nc3 Re6 45. Kf3 Rxe3+ 46.
Kxe3 Ne6 47. Ne2 Nc7 48. Nc3 Ne6 49. Rh3 Kg6 50. Nd5 h5 51. f5+ Kxf5 52. Rxh5+
Kg6 53. Rh8 Nd4 54. Nf4+ Kf6 55. Ke4 e5 56. Nd5+ Ke6 57. Rh6+ Kd7 58. Rf6 Rg7
59. Rf8 Ke6 60. Rf6+ Kd7 61. Rf8 Ke6 62. Re8+ Kd7 63. Nf6+ Kc6 64. Rc8+ Kb7 65.
Rd8 Kc7 66. Rxd6 Rf7 67. Ne8+ Kb7 68. Rxd4 1-0

[Event "2BLW 1819 SV Koblenz - SC Hansa Dortmun"]
[Site "?"]
[Date "2018.11.25"]
[Round "3.1"]
[White "Klyuner, Vyacheslav"]
[Black "Balog, Imre"]
[Result "1-0"]
[WhiteElo "2433"]
[BlackElo "2559"]
[PlyCount "111"]
[EventDate "2018.??.??"]

1. e4 e6 2. d3 c5 3. Nf3 Nc6 4. g3 d5 5. Nbd2 g6 6. Bg2 Bg7 7. O-O Nge7 8. Re1
O-O 9. c3 Qc7 10. Qe2 b6 11. h4 h6 12. e5 f6 13. exf6 Rxf6 14. Nf1 Rf7 15. Bf4
Rxf4 16. gxf4 Qxf4 17. Qd2 Qf7 18. Re2 Bd7 19. Rae1 Rf8 20. Ng3 Kh7 21. a3 a5
22. Re3 Nf5 23. Nxf5 gxf5 24. d4 Rg8 25. Kh2 cxd4 26. cxd4 Bf8 27. Rb3 Bd6+ 28.
Kh1 Qh5 29. Bh3 a4 30. Rc3 Na5 31. Qe2 Qe8 32. Re3 Rf8 33. Rxe6 Qxe6 34. Qxe6
Bxe6 35. Rxe6 Nc4 36. Nd2 Nxd2 37. Rxd6 Ne4 38. Rxd5 Nxf2+ 39. Kg2 Nxh3 40.
Kxh3 Kg6 41. Rd6+ Kh5 42. Rxb6 Re8 43. Kg3 Re3+ 44. Kf2 Rd3 45. Rb4 Kg4 46. Ke2
Rg3 47. d5+ f4 48. d6 Rg2+ 49. Kd3 Rg1 50. Kd2 Rg2+ 51. Kc3 Rg3+ 52. Kd4 Rg1
53. Rxa4 f3 54. Ke3+ Kg3 55. d7 Re1+ 56. Kd2 1-0

[Event "2BLW 1819 SV Koblenz - SC Hansa Dortmun"]
[Site "?"]
[Date "2018.11.25"]
[Round "3.2"]
[White "Sulskis, Sarunas"]
[Black "Scholz, Christian"]
[Result "1-0"]
[WhiteElo "2523"]
[BlackElo "2388"]
[PlyCount "71"]
[EventDate "2018.??.??"]

1. e4 c5 2. Nf3 d6 3. Bb5+ Nd7 4. O-O Ngf6 5. Re1 e5 6. c3 a6 7. Bxd7+ Bxd7 8.
d4 cxd4 9. cxd4 exd4 10. Qxd4 Rc8 11. Bf4 Rc6 12. Nc3 Be7 13. Nd5 O-O 14. Nxe7+
Qxe7 15. Rad1 Ne8 16. Qb4 b5 17. e5 Rc4 18. Qd2 d5 19. b3 Rc8 20. Bg5 Qa3 21.
Nd4 h6 22. Bxh6 gxh6 23. Qxh6 Qe7 24. Re3 Ng7 25. Rg3 f5 26. e6 Be8 27. Rh3 Bh5
28. Rxh5 Nxh5 29. Qxh5 Qh7 30. Qf3 f4 31. Re1 Qg7 32. Qd3 Qh7 33. Qd1 Qg6 34.
h4 Rce8 35. Re5 Qf6 36. Qg4+ 1-0

[Event "2BLW 1819 SV Koblenz - SC Hansa Dortmun"]
[Site "?"]
[Date "2018.11.25"]
[Round "3.3"]
[White "Kotter, Ralf"]
[Black "Fritsche, Lutz"]
[Result "1-0"]
[WhiteElo "2387"]
[BlackElo "2307"]
[PlyCount "89"]
[EventDate "2018.??.??"]

1. e4 d6 2. d4 g6 3. Nc3 Bg7 4. Be3 a6 5. Qd2 b5 6. f3 Nd7 7. a4 b4 8. Nd1 c5
9. Ne2 Qc7 10. c3 bxc3 11. Ndxc3 Ngf6 12. g4 h6 13. Nf4 Rb8 14. Rb1 Qa5 15.
Nfe2 Rb4 16. Na2 Rxa4 17. b4 cxb4 18. Nxb4 Bb7 19. Nc2 Qc7 20. Nc3 Ra5 21. Nd1
Ba8 22. Qc3 Qxc3+ 23. Nxc3 O-O 24. Bd3 e5 25. d5 Nc5 26. Be2 Nfd7 27. Bd2 f5
28. gxf5 gxf5 29. Ne3 Ra3 30. Nxf5 Rxf5 31. exf5 e4 32. Nxe4 Bxd5 33. Rg1 Kh7
34. Nxc5 Nxc5 35. Rg3 Ra2 36. Bf4 Bf6 37. Kf1 Nb3 38. Rd1 Nd4 39. Bd3 Nxf3 40.
Rg6 Bg5 41. Be2 Bf7 42. Bxg5 Nxh2+ 43. Ke1 hxg5 44. Rxg5 Bc4 45. Rh5+ 1-0

[Event "2BLW 1819 SV Koblenz - SC Hansa Dortmun"]
[Site "?"]
[Date "2018.11.25"]
[Round "3.4"]
[White "Hammes, Michael"]
[Black "Babar, Michael"]
[Result "1-0"]
[WhiteElo "2347"]
[BlackElo "2157"]
[PlyCount "73"]
[EventDate "2018.??.??"]

1. d4 Nf6 2. c4 e6 3. Nf3 Bb4+ 4. Bd2 Qe7 5. g3 O-O 6. Bg2 Ne4 7. O-O Bxd2 8.
Nbxd2 Nxd2 9. Qxd2 d6 10. b4 Nd7 11. c5 Nf6 12. Qc2 e5 13. e3 e4 14. cxd6 cxd6
15. Nd2 Bf5 16. Rfc1 Rfc8 17. Qa4 Qe6 18. b5 Bh3 19. Nxe4 Nxe4 20. d5 Qe5 21.
Qxe4 Qb2 22. Qb1 Qxb1 23. Raxb1 Bxg2 24. Kxg2 Kf8 25. Kf3 Ke7 26. Ke4 Rc5 27.
Rxc5 dxc5 28. Kd3 Kd6 29. e4 Re8 30. g4 g5 31. h4 f6 32. hxg5 fxg5 33. Rh1 Re7
34. Rh5 Rg7 35. Rh6+ Ke5 36. Ke3 Re7 37. Rh5 1-0

[Event "2BLW 1819 SV Koblenz - SC Hansa Dortmun"]
[Site "?"]
[Date "2018.11.25"]
[Round "3.5"]
[White "Zelt, Jens"]
[Black "Stewart, Neil"]
[Result "0-1"]
[WhiteElo "2098"]
[BlackElo "2215"]
[PlyCount "98"]
[EventDate "2018.??.??"]

1. d4 d5 2. Nf3 Nf6 3. Bf4 e6 4. e3 Bd6 5. Bg3 O-O 6. Nbd2 c5 7. c3 Qc7 8. Be2
Nbd7 9. Bxd6 Qxd6 10. O-O b6 11. Rc1 Bb7 12. c4 Rfd8 13. cxd5 Qxd5 14. Qb3 Rac8
15. Qxd5 Nxd5 16. Bb5 Nb4 17. a3 Nc6 18. Nb3 a6 19. Be2 cxd4 20. Nfxd4 Nxd4 21.
Nxd4 Nc5 22. Rfe1 Na4 23. b4 g6 24. f4 Nc3 25. Bf1 Nd5 26. Nb3 Rxc1 27. Nxc1
Rc8 28. Na2 Rc2 29. Re2 Rxe2 30. Bxe2 Nxe3 31. g3 Nc2 32. a4 Bd5 33. Nc3 Nxb4
34. Kf2 a5 35. Ke3 Kf8 36. Bb5 Ke7 37. Kd4 Nc2+ 38. Kd3 Nb4+ 39. Kd4 f6 40. Be2
Bc6 41. Bd1 Kd6 42. Nb1 Bd5 43. h4 Na6 44. Nc3 Bc6 45. g4 Nc5 46. h5 gxh5 47.
gxh5 h6 48. Kc4 e5 49. fxe5+ Kxe5 0-1

[Event "2BLW 1819 SV Koblenz - SC Hansa Dortmun"]
[Site "?"]
[Date "2018.11.25"]
[Round "3.6"]
[White "Repplinger, Marc"]
[Black "Linker, Walter"]
[Result "1/2-1/2"]
[WhiteElo "2201"]
[BlackElo "2078"]
[PlyCount "100"]
[EventDate "2018.??.??"]

1. d4 Nf6 2. Nf3 e6 3. c4 b6 4. g3 Bb7 5. Bg2 Be7 6. O-O O-O 7. Re1 Ne4 8. Nfd2
d5 9. cxd5 exd5 10. Nxe4 dxe4 11. Nc3 f5 12. Bf4 Bd6 13. Bxd6 Qxd6 14. Rc1 a6
15. e3 Nd7 16. Qh5 Rac8 17. Red1 g6 18. Qh6 Nf6 19. h3 Kh8 20. Bf1 Rg8 21. Qg5
Kg7 22. Bc4 h6 23. Qf4 Qxf4 24. gxf4 Rge8 25. Kh2 g5 26. Ne2 g4 27. h4 Kg6 28.
Bb3 Re7 29. Rd2 Rd8 30. Rdc2 Rc8 31. Ba4 Bd5 32. Bc6 Re6 33. Bxd5 Nxd5 34. Rc6
Rce8 35. Ng3 R8e7 36. a3 a5 37. R6c2 Re8 38. Nf1 Kf6 39. Kg3 h5 40. Nd2 R8e7
41. Nc4 Rc6 42. Kg2 Ree6 43. Ne5 Rxc2 44. Rxc2 Rd6 45. Rc1 Re6 46. Kf1 Rd6 47.
Ke2 Re6 48. Rc4 Rd6 49. Rc2 Re6 50. Kd2 Rd6 1/2-1/2

[Event "2BLW 1819 SV Koblenz - SC Hansa Dortmun"]
[Site "?"]
[Date "2018.11.25"]
[Round "3.7"]
[White "Burchert, Wolfgang"]
[Black "Bohn, Thomas"]
[Result "0-1"]
[WhiteElo "2076"]
[BlackElo "2328"]
[PlyCount "64"]
[EventDate "2018.??.??"]

1. e4 e6 2. d4 d5 3. e5 c5 4. c3 Qb6 5. Nf3 Bd7 6. a3 a5 7. Be2 a4 8. O-O Nc6
9. dxc5 Bxc5 10. c4 d4 11. Bd3 f5 12. exf6 Nxf6 13. Re1 O-O 14. Nbd2 Qc7 15.
Ne4 b6 16. Nfg5 Nxe4 17. Rxe4 Rf6 18. Nxh7 Kxh7 19. Qh5+ Kg8 20. Rg4 Rf5 21.
Qg6 Bf8 22. Rh4 Ne5 23. Qh7+ Kf7 24. Bxf5 exf5 25. Rxd4 Bc5 26. Rd1 Ng4 27. Bf4
Qc6 28. Rd2 Nf6 29. Qh3 Ne4 30. Re2 Be6 31. Rd1 Kg8 32. Be3 f4 0-1

[Event "2BLW 1819 SV Koblenz - SC Hansa Dortmun"]
[Site "?"]
[Date "2018.11.25"]
[Round "3.8"]
[White "Polster, Wolfgang"]
[Black "Prueske, Wolfgang"]
[Result "0-1"]
[WhiteElo "2218"]
[BlackElo "1969"]
[PlyCount "100"]
[EventDate "2018.??.??"]

1. e4 c6 2. Ne2 Qa5 3. Nbc3 Nf6 4. Rb1 e5 5. a3 d5 6. b4 Qd8 7. d4 exd4 8. Qxd4
c5 9. Qe5+ Be6 10. Nxd5 Nxd5 11. exd5 Qxd5 12. Qxd5 Bxd5 13. Nc3 Bc6 14. b5 Bd7
15. Bd3 Be7 16. Be4 Bc8 17. a4 Bd8 18. O-O O-O 19. Be3 Nd7 20. Rfd1 Ba5 21. Ne2
Re8 22. Bd5 Nb6 23. Bf3 Bf5 24. Rdc1 Be4 25. Ra1 Bxf3 26. gxf3 Nc4 27. c3 Nxe3
28. fxe3 Rxe3 29. Kf2 Rae8 30. Rc2 Rd3 31. c4 Ree3 32. Ng1 Re8 33. Ne2 Ree3 34.
Ng1 Bc3 35. Rf1 Bd4 36. Kg2 Rc3 37. Rfc1 Ra3 38. Re2 Kf8 39. Rxe3 Bxe3 40. Rd1
Ra2+ 41. Kg3 Rxa4 42. Ne2 Rxc4 43. Rd7 b6 44. f4 Bd4 45. Rxa7 Rb4 46. Rd7 Rxb5
47. Nxd4 cxd4 48. Kf3 Rb3+ 49. Ke4 d3 50. Ke5 Ke8 0-1

[Event "2BLW 1819 SV Oberursel - SG Solingen II"]
[Site "?"]
[Date "2018.11.25"]
[Round "3.1"]
[White "Wegerle, Joerg"]
[Black "Dubiel, Jacek"]
[Result "1/2-1/2"]
[WhiteElo "2405"]
[BlackElo "2434"]
[PlyCount "24"]
[EventDate "2018.??.??"]

1. c4 e6 2. Nf3 Nf6 3. Nc3 d5 4. d4 Be7 5. Bg5 O-O 6. e3 h6 7. Bh4 b6 8. Be2
Bb7 9. O-O Nbd7 10. Rc1 c5 11. dxc5 bxc5 12. Qc2 Qa5 {(=)} 1/2-1/2

[Event "2BLW 1819 SV Oberursel - SG Solingen II"]
[Site "?"]
[Date "2018.11.25"]
[Round "3.2"]
[White "Heinz, Axel"]
[Black "Schlecht, Daniel"]
[Result "1-0"]
[WhiteElo "2440"]
[BlackElo "2384"]
[PlyCount "109"]
[EventDate "2018.??.??"]

1. e4 c6 2. Nc3 d5 3. Nf3 Nf6 4. e5 Ne4 5. Ne2 Qb6 6. d4 e6 7. Nfg1 f6 8. f3
Ng5 9. exf6 gxf6 10. f4 Ne4 11. Ng3 Bd7 12. Nxe4 dxe4 13. c3 c5 14. d5 exd5 15.
Qxd5 Nc6 16. Qh5+ Kd8 17. Ne2 Kc7 18. Ng3 Re8 19. Be2 Ne7 20. f5 Kc8 21. O-O
Nd5 22. Bc4 Qc6 23. Rd1 Re5 24. Bxd5 Rxd5 25. Bf4 c4 26. Rxd5 Qxd5 27. Rd1 Bc5+
28. Kh1 Qc6 29. Qe2 e3 30. Bxe3 Re8 31. Nf1 Bxe3 32. Nxe3 Bxf5 33. Qd2 Bd3 34.
b3 Qe4 35. Nxc4 Bxc4 36. bxc4 a6 37. h3 Rg8 38. c5 f5 39. Qf2 Rg6 40. Rd4 Qe5
41. Rf4 Rg5 42. Rf3 Qd5 43. Re3 h6 44. Re8+ Kd7 45. Rf8 h5 46. Rf6 Ke7 47. Rd6
Qe4 48. Qd2 f4 49. Rd7+ Ke8 50. Rd8+ Kf7 51. Rd4 Qe6 52. Qxf4+ Rf5 53. Qc7+ Kg8
54. Rd8+ Rf8 55. Qg3+ 1-0

[Event "2BLW 1819 SV Oberursel - SG Solingen II"]
[Site "?"]
[Date "2018.11.25"]
[Round "3.3"]
[White "Schaefer, Markus"]
[Black "Schlamp, Robert"]
[Result "1-0"]
[WhiteElo "2380"]
[BlackElo "2301"]
[PlyCount "129"]
[EventDate "2018.??.??"]

1. e4 e6 2. d4 d5 3. Nd2 c5 4. Ngf3 Nc6 5. exd5 exd5 6. Bb5 Bd6 7. dxc5 Bxc5 8.
O-O Nge7 9. Nb3 Bd6 10. Nfd4 O-O 11. c3 Ne5 12. Be2 a6 13. Bf4 Qc7 14. Bg3 Bd7
15. Nf3 f6 16. Nxe5 fxe5 17. c4 dxc4 18. Bxc4+ Kh8 19. Rc1 Qb6 20. Nd2 Bf5 21.
Qb3 Qa7 22. Nf3 Nc6 23. Bd5 Rae8 24. Bxc6 bxc6 25. Rxc6 Bb8 26. Rc3 Be6 27. Qc2
Bf5 28. Qa4 e4 29. Nd4 Bd7 30. Qc4 Bxg3 31. hxg3 Rc8 32. Qd5 Rb8 33. b3 Rb4 34.
Qd6 Rfb8 35. Nc6 Bxc6 36. Qxc6 h6 37. Re3 Qd4 38. Qxa6 Rf8 39. Qe2 Qd5 40. Rd1
Qc5 41. Qd2 Rbb8 42. Rxe4 Rbd8 43. Rd4 Rde8 44. b4 Qb5 45. Rd5 Qc4 46. Rd4 Qa6
47. Rd6 Qc4 48. Qd4 Qxa2 49. Rxh6+ Kg8 50. Rh4 Qe2 51. Rf4 Rxf4 52. gxf4 Kh8
53. Rd3 Re4 54. Qd5 Kh7 55. Qf5+ Kg8 56. Rd8+ Re8 57. Qd5+ Kf8 58. Rxe8+ Qxe8
59. Qc5+ Kg8 60. b5 Qe1+ 61. Kh2 Qb1 62. Qc8+ Kh7 63. g3 Qb2 64. Kg2 Qb4 65.
Qc6 1-0

[Event "2BLW 1819 SV Oberursel - SG Solingen II"]
[Site "?"]
[Date "2018.11.25"]
[Round "3.4"]
[White "Fromme, Ernst"]
[Black "Berg, Michael"]
[Result "1/2-1/2"]
[WhiteElo "2142"]
[BlackElo "2320"]
[PlyCount "37"]
[EventDate "2018.??.??"]

1. d4 Nf6 2. g3 c5 3. c3 e6 4. Bg2 d5 5. Nf3 Be7 6. O-O O-O 7. Bg5 Nbd7 8. Ne5
Nxe5 9. dxe5 Ng4 10. Bxe7 Qxe7 11. e4 Nxe5 12. exd5 exd5 13. Re1 Qc7 14. Qxd5
Rd8 15. Qe4 g6 16. Na3 Nd3 17. Re2 Bf5 18. Qxb7 Qxb7 19. Bxb7 1/2-1/2

[Event "2BLW 1819 SV Oberursel - SG Solingen II"]
[Site "?"]
[Date "2018.11.25"]
[Round "3.5"]
[White "Michalczak, Thomas"]
[Black "Weber, Samuel"]
[Result "0-1"]
[WhiteElo "2163"]
[BlackElo "2217"]
[PlyCount "108"]
[EventDate "2018.??.??"]

1. e4 e5 2. Nf3 Nc6 3. Bb5 a6 4. Ba4 Nf6 5. O-O Be7 6. Re1 b5 7. Bb3 O-O 8. a4
b4 9. d3 d6 10. Nbd2 Be6 11. Nc4 Nd7 12. Be3 Bf6 13. Rc1 Rb8 14. h3 Nc5 15.
Bxc5 dxc5 16. Ne3 Na5 17. Bxe6 fxe6 18. b3 Qd6 19. Ra1 g6 20. Qb1 Bg7 21. Qb2
Rf4 22. Rad1 Rxf3 23. gxf3 Nc6 24. Nc4 Qe7 25. Re3 Nd4 26. Rf1 Qg5+ 27. Kh2
Qf4+ 28. Kg2 Rf8 29. Nd2 Bh6 30. Qc1 Qg5+ 31. Kh2 Qh4 32. Qd1 Bf4+ 33. Kg2 Qg5+
34. Kh1 Bxe3 35. fxe3 Qxe3 36. Nc4 Qh6 37. Kg2 Qg5+ 38. Kh2 Qf4+ 39. Kg2 Qg5+
40. Kh2 h5 41. Qd2 Rf4 42. Qg2 Qf6 43. Nd2 Kf7 44. Kg1 Ke7 45. Kf2 g5 46. Kg3
Rh4 47. Kh2 Qf4+ 48. Kh1 Ne2 49. Qxe2 Rxh3+ 50. Kg1 Qh4 51. Qg2 Rg3 52. Kf2
Rxg2+ 53. Kxg2 Qf4 54. Nc4 h4 0-1

[Event "2BLW 1819 SV Oberursel - SG Solingen II"]
[Site "?"]
[Date "2018.11.25"]
[Round "3.6"]
[White "Falk, Thomas"]
[Black "Hobusch, Jan"]
[Result "0-1"]
[WhiteElo "2129"]
[BlackElo "2201"]
[PlyCount "54"]
[EventDate "2018.??.??"]

1. Nf3 d5 2. d4 Nf6 3. c4 c6 4. Qc2 dxc4 5. Qxc4 Bf5 6. g3 e6 7. Bg2 Be7 8. O-O
O-O 9. Nc3 Nbd7 10. Bf4 Ne4 11. Rac1 h6 12. Rfd1 Nxc3 13. bxc3 Ba3 14. Rb1 Bc2
15. e4 Bxd1 16. Rxd1 Qe7 17. Qb3 b5 18. Nd2 e5 19. dxe5 Rfd8 20. Nf1 Bc5 21.
Ne3 Qe6 22. Nd5 Nxe5 23. Nc7 Qxb3 24. Rxd8+ Rxd8 25. axb3 Ng4 26. Bf3 Nxf2 27.
Kg2 Nd3 0-1

[Event "2BLW 1819 SV Oberursel - SG Solingen II"]
[Site "?"]
[Date "2018.11.25"]
[Round "3.7"]
[White "Gupta, Milon"]
[Black "Gries, Volker"]
[Result "1/2-1/2"]
[WhiteElo "2176"]
[BlackElo "2066"]
[PlyCount "66"]
[EventDate "2018.??.??"]

1. Nf3 Nf6 2. g3 g6 3. Bg2 Bg7 4. O-O O-O 5. d3 d6 6. e4 e5 7. a4 Nc6 8. Na3 h6
9. Re1 Be6 10. c3 Qc8 11. d4 Bh3 12. dxe5 Nxe5 13. Nxe5 dxe5 14. Nc4 Bxg2 15.
Kxg2 Qe6 16. Qe2 Rfd8 17. f3 Ne8 18. Be3 Rd7 19. b3 b6 20. Red1 Rad8 21. Rxd7
Qxd7 22. Ra2 Qd3 23. Qxd3 Rxd3 24. Rc2 Kf8 25. Kf2 Rd1 26. Rc1 Rd7 27. Ke2 Ke7
28. Rd1 h5 29. Rxd7+ Kxd7 30. h3 a6 31. g4 hxg4 32. hxg4 Nd6 33. Nxd6 Kxd6 {(=)
} 1/2-1/2

[Event "2BLW 1819 SV Oberursel - SG Solingen II"]
[Site "?"]
[Date "2018.11.25"]
[Round "3.8"]
[White "Neininger, Ralph"]
[Black "Peschel, Andreas"]
[Result "1/2-1/2"]
[WhiteElo "2115"]
[BlackElo "2155"]
[PlyCount "142"]
[EventDate "2018.??.??"]

1. d4 d5 2. Nf3 Nf6 3. c4 c6 4. cxd5 cxd5 5. Bf4 Nc6 6. Nc3 e6 7. e3 Be7 8. Bd3
O-O 9. h3 Qb6 10. Qe2 Bd7 11. O-O Nb4 12. Bb1 Rfc8 13. Rd1 Be8 14. a3 Nc6 15.
Na4 Qa5 16. Bc2 Nd8 17. Nc3 Qb6 18. Ne5 Nc6 19. Na4 Qd8 20. Rdc1 Nxe5 21. Bxe5
Nd7 22. Bg3 b5 23. Nc3 a6 24. e4 Nb6 25. exd5 exd5 26. Qf3 g6 27. Re1 Bf8 28.
Bb3 Bc6 29. Ne4 f5 30. Nc3 Nc4 31. Bxc4 dxc4 32. d5 Bd7 33. d6 Bc6 34. Qe3 Qf6
35. Be5 Qf7 36. Rad1 Rd8 37. Rd2 Qb7 38. f4 Qa7 39. Bd4 Qf7 40. Qe5 Bg7 41. Qc5
Bxd4+ 42. Rxd4 Qa7 43. Qxa7 Rxa7 44. Kf2 Rad7 45. Red1 Kf7 46. g3 Ke6 47. Re1+
Kf6 48. Red1 Ke6 49. Re1+ Kf6 50. Red1 h6 51. Nd5+ Bxd5 52. Rxd5 Rc8 53. Ke3
Rc6 54. Ke2 Rb6 55. R1d4 Rc6 56. Kd2 Rc8 57. Kc3 g5 58. Kb4 Rc6 59. a4 bxa4 60.
Rxc4 Rcxd6 61. Ra5 Rb7+ 62. Kc5 Re6 63. Rcxa4 Rxb2 64. Rxa6 Rbe2 65. Kd5 Rd2+
66. Kc5 gxf4 67. Rxe6+ Kxe6 68. Rxf4 Rd3 69. g4 Rxh3 70. Rxf5 Rh4 71. Rh5 Rxh5+
1/2-1/2

[Event "2BLW 1819 Aachener SV - SC Remagen Sinz"]
[Site "?"]
[Date "2018.11.25"]
[Round "3.1"]
[White "Chatalbashev, Boris"]
[Black "Seel, Christian"]
[Result "1/2-1/2"]
[WhiteElo "2531"]
[BlackElo "2477"]
[PlyCount "104"]
[EventDate "2018.??.??"]

1. d4 d5 2. c4 c6 3. Nf3 Nf6 4. g3 Bg4 5. Ne5 Bf5 6. cxd5 cxd5 7. Nc3 Nc6 8. f3
Rc8 9. Bg2 e6 10. g4 Bg6 11. h4 h6 12. Nxg6 fxg6 13. Be3 Bd6 14. Bf2 O-O 15. e3
Qb6 16. Qc2 e5 17. dxe5 Bxe5 18. g5 d4 19. gxf6 dxe3 20. O-O-O exf2 21. Nd5 Qa5
22. Kb1 Bxf6 23. Bh3 Rce8 24. Qxf2 Nb4 25. Nxf6+ Rxf6 26. a3 Nc6 27. Qc2 Kh8
28. Rhg1 Qh5 29. Rd7 Qxh4 30. Bg4 Re1+ 31. Rxe1 Qxe1+ 32. Ka2 h5 33. Bh3 Qg3
34. Bf1 Qxf3 35. Bd3 Rf7 36. Be4 Qf6 37. Rd1 Kh7 38. Qh2 Qe5 39. Qg2 Rf6 40.
Ka1 Re6 41. Bb1 Nd4 42. Rg1 Nf5 43. Qxb7 Rb6 44. Qg2 Kh8 45. Rc1 Nd4 46. Rc3
Nb3+ 47. Ka2 Qe6 48. Qa8+ Kh7 49. Rc8 Nc1+ 50. Ka1 Nb3+ 51. Ka2 Nc1+ 52. Ka1
Nb3+ 1/2-1/2

[Event "2BLW 1819 Aachener SV - SC Remagen Sinz"]
[Site "?"]
[Date "2018.11.25"]
[Round "3.2"]
[White "Koch, Thomas"]
[Black "Dgebuadze, Alexandre"]
[Result "1/2-1/2"]
[WhiteElo "2479"]
[BlackElo "2485"]
[PlyCount "51"]
[EventDate "2018.??.??"]

1. d4 e6 2. c4 Bb4+ 3. Bd2 a5 4. g3 Nc6 5. Bg2 d6 6. e3 Bxd2+ 7. Qxd2 e5 8. Nc3
exd4 9. exd4 Nge7 10. Nge2 O-O 11. O-O Bf5 12. h3 a4 13. Rac1 Bd7 14. Nf4 Nf5
15. Nce2 Re8 16. Rfe1 h6 17. Qc3 Qb8 18. Nd5 Qd8 19. Rcd1 Qb8 20. Bh1 Qd8 21.
Bg2 Qb8 22. Kh2 Qd8 23. Bh1 Qb8 24. g4 Nfe7 25. Ndf4 Qd8 26. Nh5 {(=)} 1/2-1/2

[Event "2BLW 1819 Aachener SV - SC Remagen Sinz"]
[Site "?"]
[Date "2018.11.25"]
[Round "3.3"]
[White "Popovic, Petar"]
[Black "Vandenbussche, Thibaut"]
[Result "1/2-1/2"]
[WhiteElo "2446"]
[BlackElo "2420"]
[PlyCount "46"]
[EventDate "2018.??.??"]

1. e4 e6 2. d4 d5 3. Nd2 dxe4 4. Nxe4 Bd7 5. Nf3 Bc6 6. Bd3 Nd7 7. O-O Ngf6 8.
Ned2 Be7 9. c3 O-O 10. Qe2 Bd5 11. c4 Bxf3 12. Nxf3 c5 13. Rd1 Qc7 14. h3 Rad8
15. Be3 Rfe8 16. Bc2 Bd6 17. Ba4 Rf8 18. Rac1 Bf4 19. dxc5 Nxc5 20. Bc2 a5 21.
Bxf4 Qxf4 22. g3 Qc7 23. Qe3 Qb6 {(=)} 1/2-1/2

[Event "2BLW 1819 Aachener SV - SC Remagen Sinz"]
[Site "?"]
[Date "2018.11.25"]
[Round "3.4"]
[White "Piceu, Tom"]
[Black "Polaczek, Richard"]
[Result "1-0"]
[WhiteElo "2348"]
[BlackElo "2373"]
[PlyCount "49"]
[EventDate "2018.??.??"]

1. d4 Nf6 2. c4 e6 3. Nc3 d5 4. Bg5 Be7 5. Nf3 O-O 6. e3 h6 7. Bh4 b6 8. cxd5
Nxd5 9. Bg3 Bb7 10. Bd3 c5 11. O-O cxd4 12. exd4 Nd7 13. Re1 N7f6 14. Ne5 Rc8
15. Rc1 a6 16. Bb1 Nxc3 17. bxc3 Ba3 18. Rc2 Be4 19. Bh4 g5 20. Bg3 Bxc2 21.
Qxc2 Kg7 22. f4 Be7 23. fxg5 hxg5 24. Rf1 Rg8 25. Rxf6 1-0

[Event "2BLW 1819 Aachener SV - SC Remagen Sinz"]
[Site "?"]
[Date "2018.11.25"]
[Round "3.5"]
[White "Alienkin, Aleksander"]
[Black "Sonntag, Hans-Hubert"]
[Result "1-0"]
[WhiteElo "2389"]
[BlackElo "2347"]
[PlyCount "139"]
[EventDate "2018.??.??"]

1. e4 e5 2. Nf3 Nc6 3. Bb5 a6 4. Ba4 Nf6 5. Bxc6 dxc6 6. d3 Nd7 7. Nbd2 Bd6 8.
Nc4 O-O 9. O-O c5 10. a4 b6 11. Be3 f6 12. c3 Kh8 13. Nfd2 Nb8 14. Nxd6 cxd6
15. b4 Nc6 16. a5 cxb4 17. Bxb6 Qe7 18. Qa4 bxc3 19. Qxc6 cxd2 20. Qxa8 Bb7 21.
Qa7 Ra8 22. Bd8 Qd7 23. Qe3 Rxd8 24. Qxd2 d5 25. Qb4 h6 26. Rfc1 Bc6 27. h3 Bb5
28. Rc5 dxe4 29. dxe4 Qd3 30. Rc7 Rd7 31. Rac1 Rd6 32. Qc5 Qd2 33. Qa7 Rd4 34.
Qb8+ Kh7 35. Qc8 Bd7 36. Qxa6 Rxe4 37. Qf1 Bf5 38. a6 Ra4 39. a7 Qa2 40. Qd1
Rxa7 41. Qd8 Ra6 42. Qe7 Qg8 43. R1c6 Rxc6 44. Rxc6 Kh8 45. Rxf6 gxf6 46. Qxf6+
Qg7 47. Qxf5 Qc7 48. Qf6+ Kh7 49. g3 Qc3 50. Kg2 Qc7 51. h4 Qb7+ 52. Kh2 Qe4
53. h5 Qc2 54. Kg2 Qe4+ 55. Qf3 Qxf3+ 56. Kxf3 Kg7 57. Ke4 Kf6 58. f4 exf4 59.
gxf4 Ke6 60. f5+ Kd6 61. Kd4 Kd7 62. Ke5 Ke7 63. f6+ Kf8 64. Ke4 Kg8 65. Kf4
Kf8 66. Ke5 Ke8 67. Ke6 Kf8 68. f7 Kg7 69. Ke7 Kh7 70. Kf6 1-0

[Event "2BLW 1819 Aachener SV - SC Remagen Sinz"]
[Site "?"]
[Date "2018.11.25"]
[Round "3.6"]
[White "Klein, Felix"]
[Black "Huhndorf, Arnold"]
[Result "1/2-1/2"]
[WhiteElo "2318"]
[BlackElo "2233"]
[PlyCount "42"]
[EventDate "2018.??.??"]

1. e4 c5 2. Nf3 g6 3. d4 cxd4 4. Nxd4 Nc6 5. Nc3 Bg7 6. Be3 Nf6 7. Bc4 O-O 8.
Bb3 a5 9. O-O Nxd4 10. Bxd4 d6 11. Re1 Bd7 12. a4 Bc6 13. Nd5 Nd7 14. Bxg7 Kxg7
15. c3 Nc5 16. Bc2 Kg8 17. c4 e6 18. Nc3 Qb6 19. b3 Rad8 20. Re3 e5 21. Ne2
Rfe8 {(=)} 1/2-1/2

[Event "2BLW 1819 Aachener SV - SC Remagen Sinz"]
[Site "?"]
[Date "2018.11.25"]
[Round "3.7"]
[White "Busch, Raimund"]
[Black "Meessen, Rudolf"]
[Result "0-1"]
[WhiteElo "2242"]
[BlackElo "2267"]
[PlyCount "54"]
[EventDate "2018.??.??"]

1. Nf3 g6 2. c4 Bg7 3. Nc3 Nc6 4. d4 d6 5. d5 Ne5 6. Nxe5 Bxe5 7. Qa4+ Bd7 8.
Qb3 Rb8 9. e4 Nf6 10. Be3 c5 11. dxc6 bxc6 12. Qc2 O-O 13. f3 d5 14. Rd1 dxe4
15. fxe4 Qc7 16. g3 Bg4 17. Be2 Bh3 18. Bf3 Ng4 19. Bxg4 Bxg4 20. Rd3 f5 21.
O-O Bh3 22. Rf2 fxe4 23. Nxe4 Rxf2 24. Nxf2 Bf5 25. Qd2 Rxb2 26. Rd8+ Kf7 27.
Qd1 Rb1 0-1

[Event "2BLW 1819 Aachener SV - SC Remagen Sinz"]
[Site "?"]
[Date "2018.11.25"]
[Round "3.8"]
[White "Begnis, Nikolaos"]
[Black "Den Boer, Lennard"]
[Result "1-0"]
[WhiteElo "2268"]
[BlackElo "2168"]
[PlyCount "67"]
[EventDate "2018.??.??"]

1. e4 e6 2. d4 d5 3. Nd2 Nf6 4. e5 Nfd7 5. Bd3 b6 6. Ne2 Ba6 7. Bxa6 Nxa6 8.
O-O c5 9. c4 Nb4 10. a3 Nc6 11. cxd5 exd5 12. Nf3 Be7 13. Nf4 cxd4 14. e6 Nf6
15. Qa4 Rc8 16. Ne5 fxe6 17. Nxe6 Qd6 18. Nxd4 Qxe5 19. Nxc6 Qe4 20. Qxe4 Nxe4
21. Nxa7 Rc2 22. Be3 Bc5 23. b4 Bxe3 24. fxe3 Rf8 25. Rxf8+ Kxf8 26. Nb5 Ke7
27. Nd4 Rb2 28. a4 Kd7 29. a5 bxa5 30. bxa5 Nd6 31. a6 Rb8 32. a7 Ra8 33. Ra5
Kc7 34. Rc5+ 1-0